000 00868nam a2200253 a 4500
001 000020936
003 DO-SdBNP
005 20250307085523.0
008 100824s1983 dr r 000 0 spa d
020 _a84-499-9261-3
040 _aDO-SdBNP
_bspa
_cBNPHU
082 _a972.93054
_bB171m
100 1 _a Balaguer, Joaquín,
_d1906-2002
_976556
245 1 0 _aMensajes al pueblo dominicano /
_cJoaquín Balaguer.
260 _aSanto Domingo :
_b[s.n.],
_c1983.
300 _a485 p. ;
_c26 cm.
490 1 _aDiscursos
_v7
600 1 0 _a Balaguer, Joaquín,
_d1906-2002
_xEnsayos, conferencias, etc.
_976556
651 1 4 _aRepública Dominicana
_xPolítica y gobierno
_y1961-
_9204
651 1 4 _aRepública Dominicana
_xCondiciones económicas
_xHistoria
_y1961-
_943863
830 0 _aDiscursos
_n7
_943864
910 _aValidado. Control de calidad. MFF
942 _2ddc
_cLBS1
999 _c20439
_d20439